000 00254nam a22001217a 4500
082 _a823
_bPAI/B
100 _aPAI, ANAND
245 _aBHEESHMA
260 _aBOMBAY
_bINDIA BOOK HOUSE
_c1998
300 _a16
650 _aENGLISH STORY
_zINDIA
942 _cBK
999 _c7448
_d7448